| 000 | 00361nam a2200121Ia 4500 | ||
|---|---|---|---|
| 005 | 20251222152013.0 | ||
| 008 | 251222s9999||||xx |||||||||||||| ||spa|| | ||
| 020 | _a978-612-4011-50-4 | ||
| 082 | _aREF.580/T18 | ||
| 100 | _a"Tamariz ángeles, CarmenOlivera Gonzales, percyCastillo Picón, Fernando" | ||
| 245 | 0 | _aDiccionario ilustrado de botúnica | |
| 942 | _cLIB | ||
| 999 |
_c24976 _d24976 |
||